The River Ganga: (Record no. 201476)

MARC details
000 -LEADER
fixed length control field 00522nam a22001817a 4500
005 - DATE AND TIME OF LATEST TRANSACTION
control field 20240402111341.0
010 ## - LCCN (DPL NO)
LC control number EN-139702
020 ## - INTERNATIONAL STANDARD BOOK NUMBER
Terms of availability 500.00
International Standard Book Number 9789386016768
035 ## - SYSTEM CONTROL NUMBER
System control number EN-123234
037 ## - SOURCE OF ACQUISITION
Source of stock number/acquisition DBAD/PUB
082 ## - DEWEY DECIMAL CLASSIFICATION NUMBER
Classification number 230.91
100 ## - MAIN ENTRY--PERSONAL NAME
Personal name Ramesh Singh
245 ## - TITLE STATEMENT
Title The River Ganga:
Remainder of title The Life Line of India/
Statement of responsibility, etc By Ramesh Singh
260 ## - PUBLICATION, DISTRIBUTION, ETC. (IMPRINT)
Place of publication, distribution, etc Allahbad
Name of publisher, distributor, etc Meenakshi Prakashan
Date of publication, distribution, etc 2017
270 ## - ADDRESS
Address 5, Khusro Bagh Road
Postal code 211001
300 ## - PHYSICAL DESCRIPTION
Extent 160p.;
Dimensions 21cm(hb)
942 ## - ADDED ENTRY ELEMENTS (KOHA)
Source of classification or shelving scheme Dewey Decimal Classification
Item type English Books
Classification part 260.91
Call number suffix RAM
Holdings
Withdrawn status Lost status Not for loan Collection code Home library Current library Date acquired Source of acquisition Cost, normal purchase price Full call number Barcode Copy number Cost, replacement price Koha item type
      Non-fiction Bawana Bawana 14/03/2024 DBAD 500.00 230.91 RAM EN-123234 1 500.00 English Books

© Delhi Public Library
Hit Counter
free hit counter